| 000 | 00471nam a2200181Ia 4500 | ||
|---|---|---|---|
| 003 | GCL | ||
| 008 | 140319s9999 xx 000 0 eng d | ||
| 040 |
_aGCL / _cGCL |
||
| 082 | 0 | 4 |
_a910.03 _bS M |
| 100 | 1 | _aSMALL, JOHN | |
| 245 | 1 | 0 |
_aA MODERN DICTIONARY OF GEOGRAPHY / _cSMALL, JOHN |
| 700 | 1 | _aWITHERICK, MICHAEL | |
| 260 |
_a[S.N] : _bEDWARD ARNOLD ، _c1995 |
||
| 300 | _a265 P | ||
| 650 | 0 | 4 | _aGEOGRAPHY |
| 650 | 0 | 4 | _aGEOGRAPHY - DICTIONARIES |
| 942 |
_2ddc _cBK |
||
| 999 |
_c13425 _d13425 |
||